Canadian Geography by Letter - Q - Statistics

General Stats
  • This quiz has been taken 16 times
  • The average score is 2 of 10
Answer Stats
Hint Answer % Correct
French-speaking province recognized as a nation within Canada Quebec
100%
County in southwestern Nova Scotia which shares its name with a New York borough {Queens} County
85%
Saskatchewan river that flows from Lake Diefenbaker to join with the Assiniboine River in Manitoba {Qu'Appelle} River
15%
Traditional Inuktitut name for Canada's largest island Qikiqtaaluk (Baffin Island)
8%
Town on Vancouver Island with Canada's oldest average median age at 65.9 years Qualicum Beach
8%
City in central British Columbia, en route to northern BC and the Yukon Quesnel
8%
National park located on Bathurst Island. Named for the polar night {Qausuittuq} {(Place where the sun does not rise)} National Park
0%
Community on an island located off of eastern Baffin Island. One of the gateways to Auyuittuq National Park Qikiqtarjuaq (Broughton Island)
0%
Small community at the northeastern tip of Newfoundland's Great Northern Peninsula Quirpon
0%
Canada's second-most northerly national park, located on Ellesmere Island {Quttinirpaaq} {(Top of the World)} National Park
0%
No matching quizzes found
Score Distribution
Percent of People with Each Score
Percentile by Number Answered
Your Score History
You have not taken this quiz